00579 a2200169 4500003000400000005001700004008004100021020001800062040000900080082001900089100003100108245004200139260003900181942004400220952012800264999001700392OSt20231218161146.0231218b |||||||| |||| 00| 0 eng d a9789352292929 coclc a891.433bCHO/N aChoudhary, Rajkamal910160 aNADI BAHTI THI /cRaj Kamal Choudhary aNew Delhi:bVani Prakashan,c2001. 2ddccBKh891.433iCHO/Nk891.433mCHO/N 00102ddc40708FICaMESbMEScHINd2023-12-18l0o891.433 CHO/Np43126r2023-12-18 16:12:19v95.00w2023-12-18yBKzGR7R1 c43492d43492